00406nam a22001577a 450000500170000001000150001702000260003203500140005803700090007208200120008110000200009324500790011326000170019227000170020930000220022620250219144135.0 aENG-143883 c300.00a9789354459153 aEN-127415 bDBAD a338.176 aIngole, Ashwini aAgriculture Marketing Low/cby Ashwini Ingole and Sourabh Ubale/hEnglish  aMumbaic2022 aPunebMumbai a166 pg.c24m (hb)